<?xml version="1.0" encoding="UTF-8"?>
<collection xmlns="http://www.loc.gov/MARC21/slim">
 <record>
  <leader>01314nam a2200265 a 4500</leader>
  <controlfield tag="001">9390</controlfield>
  <controlfield tag="003">BD-DhAAL</controlfield>
  <controlfield tag="008">090707s1944    enkb     b    001 0 eng d</controlfield>
  <datafield tag="999" ind1=" " ind2=" ">
   <subfield code="c">2116</subfield>
   <subfield code="d">2116</subfield>
  </datafield>
  <datafield tag="010" ind1=" " ind2=" ">
   <subfield code="a">\\\68070372 </subfield>
  </datafield>
  <datafield tag="040" ind1=" " ind2=" ">
   <subfield code="a">DLC</subfield>
   <subfield code="c">DLC</subfield>
   <subfield code="d">DLC</subfield>
   <subfield code="d">BD-DhAAL</subfield>
  </datafield>
  <datafield tag="082" ind1="0" ind2="0">
   <subfield code="a">914.203</subfield>
  </datafield>
  <datafield tag="100" ind1="1" ind2=" ">
   <subfield code="a">Trevelyan, George Macaulay,</subfield>
   <subfield code="d">1876-1962.</subfield>
   <subfield code="9">50422</subfield>
  </datafield>
  <datafield tag="245" ind1="1" ind2="0">
   <subfield code="a">English social history:</subfield>
   <subfield code="b">a survey of six centuries, Chaucer to Queen Victoria</subfield>
   <subfield code="c">by G. M. Trevelyan.</subfield>
  </datafield>
  <datafield tag="260" ind1=" " ind2=" ">
   <subfield code="a">Harmondsworth :</subfield>
   <subfield code="b">Penguin ;</subfield>
   <subfield code="a">London :</subfield>
   <subfield code="b">Longmans,</subfield>
   <subfield code="c">c1942, 1944.</subfield>
  </datafield>
  <datafield tag="300" ind1=" " ind2=" ">
   <subfield code="a">649 pages,</subfield>
   <subfield code="a">xii, 628 pages :</subfield>
   <subfield code="b">illustrations (maps) ;</subfield>
   <subfield code="c">18 cm.</subfield>
   <subfield code="c">21 cm.</subfield>
  </datafield>
  <datafield tag="490" ind1="0" ind2=" ">
   <subfield code="a">Pelican book</subfield>
   <subfield code="v">A860</subfield>
  </datafield>
  <datafield tag="504" ind1=" " ind2=" ">
   <subfield code="a">Includes bibliographical references and index.</subfield>
  </datafield>
  <datafield tag="541" ind1="1" ind2=" ">
   <subfield code="a">Donated By Akbar Ali Khan</subfield>
   <subfield code="e">9390, 38611</subfield>
  </datafield>
  <datafield tag="650" ind1=" " ind2="0">
   <subfield code="a">Great Britain</subfield>
   <subfield code="x">History.</subfield>
   <subfield code="9">50423</subfield>
  </datafield>
  <datafield tag="650" ind1=" " ind2="0">
   <subfield code="a">Great Britain</subfield>
   <subfield code="x">Social conditions.</subfield>
   <subfield code="9">50424</subfield>
  </datafield>
  <datafield tag="852" ind1="4" ind2=" ">
   <subfield code="a">Ayesha Abed Library</subfield>
   <subfield code="c">General Stacks</subfield>
  </datafield>
  <datafield tag="942" ind1=" " ind2=" ">
   <subfield code="2">ddc</subfield>
   <subfield code="c">BK</subfield>
  </datafield>
  <datafield tag="952" ind1=" " ind2=" ">
   <subfield code="0">0</subfield>
   <subfield code="1">0</subfield>
   <subfield code="2">ddc</subfield>
   <subfield code="4">1</subfield>
   <subfield code="6">914_200000000000000_03_TRE</subfield>
   <subfield code="7">0</subfield>
   <subfield code="9">1946</subfield>
   <subfield code="a">BRACUL</subfield>
   <subfield code="b">BRACUL</subfield>
   <subfield code="c">SPS</subfield>
   <subfield code="d">2009-07-07</subfield>
   <subfield code="g">0.00</subfield>
   <subfield code="l">1</subfield>
   <subfield code="o">914.203 TRE</subfield>
   <subfield code="p">3010009390</subfield>
   <subfield code="r">2013-06-20</subfield>
   <subfield code="s">2013-05-21</subfield>
   <subfield code="t">1</subfield>
   <subfield code="w">2009-07-07</subfield>
   <subfield code="y">BK</subfield>
   <subfield code="x">No price found in the accession register.</subfield>
  </datafield>
  <datafield tag="952" ind1=" " ind2=" ">
   <subfield code="0">0</subfield>
   <subfield code="1">0</subfield>
   <subfield code="2">ddc</subfield>
   <subfield code="4">0</subfield>
   <subfield code="6">914_203000000000000_TRE</subfield>
   <subfield code="7">1</subfield>
   <subfield code="9">71409</subfield>
   <subfield code="a">BRACUL</subfield>
   <subfield code="b">BRACUL</subfield>
   <subfield code="c">AAKC</subfield>
   <subfield code="d">2022-07-31</subfield>
   <subfield code="e">Donated by Akbar Ali Khan</subfield>
   <subfield code="l">0</subfield>
   <subfield code="o">914.203 TRE</subfield>
   <subfield code="p">3010038611</subfield>
   <subfield code="r">2022-07-31</subfield>
   <subfield code="t">2</subfield>
   <subfield code="w">2022-07-31</subfield>
   <subfield code="y">BK</subfield>
  </datafield>
 </record>
</collection>
